পদ্মা থেকে ইয়াংসি / (Record no. 55167)
[ view plain ]
| 000 -LEADER | |
|---|---|
| fixed length control field | 00927nam a2200253 a 4500 |
| 001 - CONTROL NUMBER | |
| control field | 55167 |
| 003 - CONTROL NUMBER IDENTIFIER | |
| rucl marc code | BD-RjUL |
| 005 - DATE AND TIME OF LATEST TRANSACTION | |
| control field | 20211209080226.0 |
| 008 - FIXED-LENGTH DATA ELEMENTS--GENERAL INFORMATION | |
| fixed length control field | 161114s1969 bg ||||| |||| 00| 0 ben d |
| 020 ## - INTERNATIONAL STANDARD BOOK NUMBER | |
| Terms of availability | : PRs.4.00 |
| 035 ## - SYSTEM CONTROL NUMBER | |
| System control number | (BD-RjUL)55289 |
| 040 ## - CATALOGING SOURCE | |
| Original cataloging agency | BD-RjUL |
| Language of cataloging | ben/eng |
| Transcribing agency | BD-RjUL |
| Modifying agency | BD-RjUL |
| 041 ## - LANGUAGE CODE | |
| Language code of text/sound track or separate title | ben |
| 082 ## - DEWEY DECIMAL CLASSIFICATION NUMBER | |
| Edition number | 23 |
| Classification number | 915.1 |
| Author mark and year | KHP 1969 |
| 100 ## - MAIN ENTRY--PERSONAL NAME | |
| Personal name | খালেক, মুহম্মদ আবদুল |
| 9 (RLIN) | 116670 |
| 245 10 - TITLE STATEMENT | |
| Title | পদ্মা থেকে ইয়াংসি / |
| Statement of responsibility, etc. | মুহম্মদ আবদুল খালেক |
| 250 ## - EDITION STATEMENT | |
| Edition statement | ১ম সং. |
| 260 ## - PUBLICATION, DISTRIBUTION, ETC. (IMPRINT) | |
| Place of publication, distribution, etc. | ঢাকা : |
| Name of publisher, distributor, etc. | নওরোজ কিতাবিস্তান, |
| Date of publication, distribution, etc. | ১৯৬৯ |
| 300 ## - PHYSICAL DESCRIPTION | |
| Pagination | ১৬৯ পৃ. ; |
| Size | ২১ সেমি. |
| 600 ## - SUBJECT ADDED ENTRY--PERSONAL NAME | |
| Titles and other words associated with a name | |
| 651 ## - SUBJECT ADDED ENTRY--GEOGRAPHIC NAME | |
| Geographic name | চীন |
| General subdivision | বর্ণনা এবং ভ্রমণ |
| 9 (RLIN) | 244525 |
| Geographic name | China |
| General subdivision | Description and travel. |
| 9 (RLIN) | 244526 |
| 942 ## - ADDED ENTRY ELEMENTS (KOHA) | |
| Source of classification or shelving scheme | Dewey Decimal Classification |
| Koha item type | Books |
| Lost status | Source of classification or shelving scheme | Damaged status | Not for loan | Collection code | Permanent Location | Current Location | Shelving location | Date acquired | Source of acquisition | Cost, normal purchase price | Total Checkouts | Full call number | Date last seen | Date checked out | Copy number | Koha item type |
|---|---|---|---|---|---|---|---|---|---|---|---|---|---|---|---|---|
| Dewey Decimal Classification | Fiction | Central Library, University of Rajshahi | Central Library, University of Rajshahi | 30/03/1974 | Rajshahi, the Author | 4.00 | 1 | B 915.1 KHP 1969 | 15/02/2021 | 09/02/2021 | C-2 | Books | ||||
| Dewey Decimal Classification | Not For Loan | Fiction | Central Library, University of Rajshahi | Central Library, University of Rajshahi | Reading Room | 30/03/1974 | Rajshahi, the Author | 4.00 | B 915.1 KHP 1969 | 07/02/2021 | C-1 | Books |